000 00527nam a2200217Ia 4500
001 40372
005 20240114003336.0
007 ta
008 071016s a g b000 u 465 u
040 _aCotton College,Assam
041 _a465
082 _a530
_bNA
100 _aMacgregor, Malcom H .
245 0 _aLecture Notes in Physics /
_cMalcom H Macgregor.
_hTextual Documents
300 _bill ;
653 _aPhysics
653 _aG-Physics
942 _2ddc
_cBK
999 _c40343
_d40343